00736nam a2200217 a 450000100100000000500170001000800410002702000150006804100080008304300120009108200220010310000280012524501070015325000120026026000600027230000180033250000210035065000590037165000390043065100490046900005489920200120222932.0130123s1987 ck ab r 000 0 spa d a95895158000 aspa as-ck---04a913.8615bS672211 aSoto Holguín, Alvaro.13aLa ciudad perdida de los Tayrona :bhistoria de su hallazgo y descubrimiento /cAlvaro Soto Holguín. a1a. ed. aBogotá :bCentro de Estudios del Neotrópico,c1987. a187 p. :bil. aIncluye glosario14aArqueologíazSierra Nevada de Santa Marta (Colombia)24aArqueología indígenazColombia24aIndígenas de ColombiaxResisdencia urbana.